[Event "Heldur Valgmäe I Rapid Memorial"]
[Site "Viljandi, Estonia"]
[Date "2021.07.03"]
[Round "8.5"]
[White "Pedoson, Georg Aleksander"]
[Black "Volodin, Aleksandr"]
[Result "0-1"]
[WhiteElo "2352"]
[BlackElo "2518"]

1. d4 {[%clk 00:15:02]} Nf6 {[%clk 00:15:01]} {[%emt 00:00:03]} 2. Nf3 {[%clk
00:14:56]} {[%emt 00:00:08]} d5 {[%clk 00:15:01]} {[%emt 00:00:02]} 3. Bf4
{[%clk 00:14:45]} {[%emt 00:00:13]} c5 {[%clk 00:15:01]} {[%emt 00:00:03]} 4.
e3 {[%clk 00:14:42]} {[%emt 00:00:05]} e6 {[%clk 00:15:01]} {[%emt 00:00:01]} 5.
c3 {[%clk 00:14:37]} {[%emt 00:00:07]} Bd6 {[%clk 00:15:01]} {[%emt 00:00:02]}
6. Bg3 {[%clk 00:14:38]} {[%emt 00:00:02]} Qc7 {[%clk 00:15:02]} {[%emt
00:00:01]} 7. Nbd2 {[%clk 00:14:30]} {[%emt 00:00:10]} Nbd7 {[%clk 00:14:58]}
{[%emt 00:00:07]} 8. Be2 {[%clk 00:14:02]} {[%emt 00:00:29]} O-O {[%clk
00:14:57]} {[%emt 00:00:03]} 9. O-O {[%clk 00:14:02]} {[%emt 00:00:03]} Bxg3
{[%clk 00:14:58]} {[%emt 00:00:01]} 10. hxg3 {[%clk 00:14:02]} {[%emt
00:00:02]} e5 {[%clk 00:14:53]} {[%emt 00:00:07]} 11. dxe5 {[%clk 00:13:55]}
{[%emt 00:00:09]} Nxe5 {[%clk 00:14:53]} {[%emt 00:00:01]} 12. Nxe5 {[%clk
00:13:56]} {[%emt 00:00:02]} Qxe5 {[%clk 00:14:54]} {[%emt 00:00:01]} 13. Nf3
{[%clk 00:13:56]} {[%emt 00:00:01]} Qe7 {[%clk 00:14:06]} {[%emt 00:00:50]} 14.
Qa4 {[%clk 00:13:08]} {[%emt 00:00:50]} Bd7 {[%clk 00:12:53]} {[%emt 00:01:15]}
15. Qf4 {[%clk 00:13:03]} {[%emt 00:00:08]} Rfe8 {[%clk 00:12:35]} {[%emt
00:00:19]} 16. Rad1 {[%clk 00:12:29]} {[%emt 00:00:36]} Bc6 {[%clk 00:12:19]}
{[%emt 00:00:19]} 17. Rfe1 {[%clk 00:11:57]} {[%emt 00:00:34]} h6 {[%clk
00:11:28]} {[%emt 00:00:53]} 18. c4 {[%clk 00:11:07]} {[%emt 00:00:52]} Rad8
{[%clk 00:09:47]} {[%emt 00:01:42]} 19. cxd5 {[%clk 00:11:01]} {[%emt
00:00:09]} Bxd5 {[%clk 00:09:40]} {[%emt 00:00:10]} 20. Qa4 {[%clk 00:10:37]}
{[%emt 00:00:25]} a6 {[%clk 00:09:06]} {[%emt 00:00:36]} 21. Qc2 {[%clk
00:10:26]} {[%emt 00:00:13]} b5 {[%clk 00:08:07]} {[%emt 00:01:01]} 22. b3
{[%clk 00:10:23]} {[%emt 00:00:05]} Rc8 {[%clk 00:07:54]} {[%emt 00:00:14]} 23.
Nd2 {[%clk 00:10:12]} {[%emt 00:00:13]} Qb7 {[%clk 00:06:06]} {[%emt 00:01:50]}
24. Bf3 {[%clk 00:10:10]} {[%emt 00:00:04]} Bxf3 {[%clk 00:06:02]} {[%emt
00:00:06]} 25. gxf3 {[%clk 00:10:05]} {[%emt 00:00:07]} Nd5 {[%clk 00:05:47]}
{[%emt 00:00:17]} 26. Ne4 {[%clk 00:09:45]} {[%emt 00:00:22]} Red8 {[%clk
00:05:24]} {[%emt 00:00:26]} 27. Kg2 {[%clk 00:09:23]} {[%emt 00:00:23]} Qc6
{[%clk 00:05:13]} {[%emt 00:00:13]} 28. Nc3 {[%clk 00:09:04]} {[%emt 00:00:21]}
Nb4 {[%clk 00:04:59]} {[%emt 00:00:16]} 29. Qe4 {[%clk 00:09:05]} {[%emt
00:00:01]} Qxe4 {[%clk 00:03:46]} {[%emt 00:01:15]} 30. fxe4 {[%clk 00:09:05]}
{[%emt 00:00:02]} Rxd1 {[%clk 00:03:28]} {[%emt 00:00:20]} 31. Rxd1 {[%clk
00:09:06]} c4 {[%clk 00:03:29]} 32. Nd5 {[%clk 00:08:53]} {[%emt 00:00:16]}
Nxd5 {[%clk 00:02:53]} {[%emt 00:00:38]} 33. exd5 {[%clk 00:08:53]} {[%emt
00:00:02]} c3 {[%clk 00:02:47]} {[%emt 00:00:08]} 34. b4 {[%clk 00:08:45]}
{[%emt 00:00:11]} c2 {[%clk 00:02:09]} {[%emt 00:00:40]} 35. Rc1 {[%clk
00:08:45]} {[%emt 00:00:01]} Kf8 {[%clk 00:02:10]} {[%emt 00:00:01]} 36. Kf3
{[%clk 00:08:32]} {[%emt 00:00:15]} Ke7 {[%clk 00:02:11]} {[%emt 00:00:01]} 37.
e4 {[%clk 00:08:29]} {[%emt 00:00:05]} Kd6 {[%clk 00:02:10]} {[%emt 00:00:03]}
38. Ke3 {[%clk 00:08:30]} {[%emt 00:00:01]} f5 {[%clk 00:01:53]} {[%emt
00:00:19]} 39. exf5 {[%clk 00:06:33]} {[%emt 00:01:59]} Kxd5 {[%clk 00:01:54]}
40. Kd3 {[%clk 00:06:34]} {[%emt 00:00:01]} Ke5 {[%clk 00:01:56]} 41. f6 {[%clk
00:03:42]} {[%emt 00:02:55]} Kxf6 {[%clk 00:01:36]} {[%emt 00:00:21]} 42. Rxc2
{[%clk 00:03:43]} {[%emt 00:00:01]} Rxc2 {[%clk 00:01:12]} {[%emt 00:00:26]} 43.
Kxc2 {[%clk 00:03:43]} {[%emt 00:00:02]} Kf5 {[%clk 00:00:25]} {[%emt
00:00:50]} 44. Kd3 {[%clk 00:03:04]} {[%emt 00:00:42]} Kg4 {[%clk 00:00:16]}
{[%emt 00:00:11]} 45. Ke4 {[%clk 00:01:49]} {[%emt 00:01:16]} h5 {[%clk
00:00:16]} {[%emt 00:00:01]} 46. a3 {[%clk 00:01:38]} {[%emt 00:00:14]} g5
{[%clk 00:00:07]} {[%emt 00:00:12]} 47. Ke3 {[%clk 00:00:44]} {[%emt 00:00:56]}
h4 {[%clk 00:00:06]} {[%emt 00:00:02]} 48. gxh4 {[%clk 00:00:44]} {[%emt
00:00:02]} gxh4 {[%clk 00:00:08]} 49. Ke2 {[%clk 00:00:43]} {[%emt 00:00:03]}
h3 {[%clk 00:00:08]} {[%emt 00:00:01]} 50. Kf1 {[%clk 00:00:44]} {[%emt
00:00:01]} Kf4 {[%emt 00:00:23]} 0-1

[Event "Heldur Valgmäe I Rapid Memorial"]
[Site "Viljandi, Estonia"]
[Date "2021.07.03"]
[Round "9.1"]
[White "Chukavin, Kirill"]
[Black "Pultinevicius, Paulius"]
[Result "1-0"]
[WhiteElo "2471"]
[BlackElo "2519"]

1. e4 {[%clk 00:15:02]} c6 {[%clk 00:15:04]} {[%emt 00:00:01]} 2. d4 {[%clk
00:15:01]} {[%emt 00:00:02]} d5 {[%clk 00:15:05]} 3. exd5 {[%clk 00:15:02]}
{[%emt 00:00:02]} cxd5 {[%clk 00:15:06]} {[%emt 00:00:01]} 4. Bd3 {[%clk
00:15:03]} Nc6 {[%clk 00:15:07]} {[%emt 00:00:02]} 5. c3 {[%clk 00:15:05]} Qc7
{[%clk 00:15:08]} {[%emt 00:00:01]} 6. h3 {[%clk 00:15:01]} {[%emt 00:00:05]}
g6 {[%clk 00:15:05]} {[%emt 00:00:05]} 7. Nf3 {[%clk 00:15:00]} {[%emt
00:00:02]} Bg7 {[%clk 00:15:02]} {[%emt 00:00:06]} 8. O-O {[%clk 00:14:59]}
{[%emt 00:00:03]} Nf6 {[%clk 00:14:54]} {[%emt 00:00:10]} 9. Re1 {[%clk
00:14:37]} {[%emt 00:00:24]} Bf5 {[%clk 00:14:51]} {[%emt 00:00:06]} 10. Bxf5
{[%clk 00:13:37]} {[%emt 00:01:02]} gxf5 {[%clk 00:14:51]} {[%emt 00:00:02]} 11.
Ne5 {[%clk 00:13:37]} {[%emt 00:00:02]} e6 {[%clk 00:13:56]} {[%emt 00:00:58]}
12. Bf4 {[%clk 00:13:06]} {[%emt 00:00:32]} Qc8 {[%clk 00:13:31]} {[%emt
00:00:27]} 13. Nd2 {[%clk 00:12:46]} {[%emt 00:00:23]} O-O {[%clk 00:13:18]}
{[%emt 00:00:15]} 14. g4 {[%clk 00:12:03]} {[%emt 00:00:45]} fxg4 {[%clk
00:12:58]} {[%emt 00:00:22]} 15. hxg4 {[%clk 00:11:58]} {[%emt 00:00:07]} Nd7
{[%clk 00:12:01]} {[%emt 00:00:59]} 16. Ndf3 {[%clk 00:11:36]} {[%emt
00:00:23]} f6 {[%clk 00:11:47]} {[%emt 00:00:17]} 17. Nd3 {[%clk 00:09:24]}
{[%emt 00:02:15]} Re8 {[%clk 00:11:41]} {[%emt 00:00:08]} 18. g5 {[%clk
00:09:00]} {[%emt 00:00:25]} Qd8 {[%clk 00:08:25]} {[%emt 00:03:18]} 19. Qb3
{[%clk 00:08:13]} {[%emt 00:00:49]} Nb6 {[%clk 00:07:42]} {[%emt 00:00:45]} 20.
Nc5 {[%clk 00:05:25]} {[%emt 00:02:50]} e5 {[%clk 00:07:15]} {[%emt 00:00:29]}
21. Bg3 {[%clk 00:05:25]} {[%emt 00:00:02]} e4 {[%clk 00:06:14]} {[%emt
00:01:03]} 22. Rxe4 {[%clk 00:04:48]} {[%emt 00:00:39]} Rxe4 {[%clk 00:06:08]}
{[%emt 00:00:08]} 23. Nxe4 {[%clk 00:04:48]} {[%emt 00:00:01]} Na5 {[%clk
00:06:09]} {[%emt 00:00:02]} 24. Nxf6+ {[%clk 00:04:45]} {[%emt 00:00:06]} Bxf6
{[%clk 00:06:09]} {[%emt 00:00:02]} 25. Qb5 {[%clk 00:04:41]} {[%emt 00:00:06]}
Nc6 {[%clk 00:05:10]} {[%emt 00:01:01]} 26. gxf6 {[%clk 00:04:40]} {[%emt
00:00:03]} Qxf6 {[%clk 00:05:11]} 27. Ne5 {[%clk 00:03:54]} {[%emt 00:00:48]}
Nxe5 {[%clk 00:04:29]} {[%emt 00:00:44]} 28. dxe5 {[%clk 00:03:40]} {[%emt
00:00:17]} Qe6 {[%clk 00:04:17]} {[%emt 00:00:14]} 29. a4 {[%clk 00:03:34]}
{[%emt 00:00:08]} Kh8 {[%clk 00:03:34]} {[%emt 00:00:45]} 30. a5 {[%clk
00:02:45]} {[%emt 00:00:51]} Nc4 {[%clk 00:03:34]} {[%emt 00:00:02]} 31. Rd1
{[%clk 00:02:04]} {[%emt 00:00:42]} Rd8 {[%clk 00:03:23]} {[%emt 00:00:13]} 32.
Qxb7 {[%clk 00:01:11]} {[%emt 00:00:55]} Ne3 {[%clk 00:02:51]} {[%emt
00:00:35]} 33. Rd3 {[%clk 00:00:38]} {[%emt 00:00:34]} Nf5 {[%clk 00:02:52]} 34.
Qxa7 {[%clk 00:00:33]} {[%emt 00:00:08]} Rg8 {[%clk 00:02:48]} {[%emt
00:00:06]} 35. Qc5 {[%clk 00:00:25]} {[%emt 00:00:10]} h5 {[%clk 00:02:23]}
{[%emt 00:00:26]} 36. Qxd5 {[%clk 00:00:26]} {[%emt 00:00:02]} Qg6 {[%clk
00:02:18]} {[%emt 00:00:07]} 37. e6 {[%clk 00:00:12]} {[%emt 00:00:16]} h4
{[%clk 00:02:18]} {[%emt 00:00:02]} 38. Qe5+ {[%clk 00:00:12]} {[%emt
00:00:01]} Rg7 {[%clk 00:01:11]} {[%emt 00:01:09]} 39. Rd8+ {[%clk 00:00:13]}
{[%emt 00:00:01]} Kh7 {[%clk 00:01:12]} {[%emt 00:00:01]} 40. Rd7 {[%clk
00:00:14]} Ne7 {[%clk 00:00:13]} {[%emt 00:01:00]} 41. Qf4 {[%emt 00:00:10]}
Qh5 42. Rxe7 {[%clk 00:00:05]} {[%emt 00:00:02]} Qd1+ {[%clk 00:00:06]} {[%emt
00:00:11]} 43. Kg2 {[%clk 00:00:05]} {[%emt 00:00:01]} Qd5+ {[%clk 00:00:07]}
44. Kg1 {[%clk 00:00:05]} {[%emt 00:00:04]} Qd1+ {[%clk 00:00:08]} 45. Kg2
{[%clk 00:00:03]} {[%emt 00:00:03]} Qd5+ {[%clk 00:00:10]} 46. f3 {[%clk
00:00:04]} {[%emt 00:00:02]} h3+ {[%clk 00:00:05]} {[%emt 00:00:07]} 47. Kxh3
{[%clk 00:00:04]} {[%emt 00:00:02]} Qh5+ {[%clk 00:00:06]} {[%emt 00:00:01]} 48.
Qh4 {[%clk 00:00:05]} {[%emt 00:00:01]} Kg8 {[%clk 00:00:03]} {[%emt 00:00:04]}
49. Qxh5 {[%clk 00:00:05]} {[%emt 00:00:02]} Rxg3+ {[%clk 00:00:04]} {[%emt
00:00:01]} 50. Kxg3 {[%emt 00:00:02]} 1-0

[Event "Heldur Valgmäe I Rapid Memorial"]
[Site "Viljandi, Estonia"]
[Date "2021.07.03"]
[Round "9.2"]
[White "Laurusas, Tomas"]
[Black "Volodin, Aleksandr"]
[Result "1-0"]
[WhiteElo "2576"]
[BlackElo "2518"]

1. d4 {[%clk 00:15:03]} Nf6 {[%clk 00:15:00]} {[%emt 00:00:04]} 2. c4 {[%clk
00:15:04]} {[%emt 00:00:01]} e6 {[%clk 00:14:58]} {[%emt 00:00:04]} 3. Nf3
{[%clk 00:15:05]} {[%emt 00:00:01]} d5 {[%clk 00:14:59]} {[%emt 00:00:01]} 4.
Nc3 {[%clk 00:15:05]} {[%emt 00:00:01]} c6 {[%clk 00:14:59]} {[%emt 00:00:02]}
5. Bg5 {[%clk 00:15:06]} {[%emt 00:00:02]} h6 {[%clk 00:14:54]} {[%emt
00:00:07]} 6. Bxf6 {[%clk 00:15:06]} {[%emt 00:00:01]} Qxf6 {[%clk 00:14:54]}
{[%emt 00:00:03]} 7. e3 {[%clk 00:15:08]} {[%emt 00:00:01]} Qd8 {[%clk
00:14:07]} {[%emt 00:00:48]} 8. Qc2 {[%clk 00:14:43]} {[%emt 00:00:27]} Nd7
{[%clk 00:13:59]} {[%emt 00:00:11]} 9. O-O-O {[%clk 00:14:33]} {[%emt
00:00:12]} Be7 {[%clk 00:13:33]} {[%emt 00:00:28]} 10. h4 {[%clk 00:14:29]}
{[%emt 00:00:05]} a6 {[%clk 00:12:53]} {[%emt 00:00:43]} 11. Kb1 {[%clk
00:13:42]} {[%emt 00:00:49]} dxc4 {[%clk 00:10:29]} {[%emt 00:02:26]} 12. Bxc4
{[%clk 00:13:43]} {[%emt 00:00:01]} b5 {[%clk 00:09:34]} {[%emt 00:00:56]} 13.
Bd3 {[%clk 00:13:44]} {[%emt 00:00:01]} Bb7 {[%clk 00:09:32]} {[%emt 00:00:04]}
14. Ne4 {[%clk 00:13:35]} {[%emt 00:00:10]} Qb6 {[%clk 00:09:21]} {[%emt
00:00:14]} 15. Rc1 {[%clk 00:13:34]} {[%emt 00:00:04]} Rd8 {[%clk 00:09:02]}
{[%emt 00:00:21]} 16. Rhd1 {[%clk 00:13:09]} {[%emt 00:00:27]} O-O {[%clk
00:08:52]} {[%emt 00:00:12]} 17. g4 {[%clk 00:12:07]} {[%emt 00:01:04]} c5
{[%clk 00:08:35]} {[%emt 00:00:19]} 18. g5 {[%clk 00:11:28]} {[%emt 00:00:40]}
c4 {[%clk 00:08:20]} {[%emt 00:00:18]} 19. Be2 {[%clk 00:11:28]} {[%emt
00:00:02]} h5 {[%clk 00:08:04]} {[%emt 00:00:17]} 20. g6 {[%clk 00:11:13]}
{[%emt 00:00:17]} f5 {[%clk 00:07:26]} {[%emt 00:00:40]} 21. Neg5 {[%clk
00:11:08]} {[%emt 00:00:07]} Rf6 {[%clk 00:07:24]} {[%emt 00:00:04]} 22. Ka1
{[%clk 00:10:15]} {[%emt 00:00:55]} Rxg6 {[%clk 00:07:22]} {[%emt 00:00:04]} 23.
Rg1 {[%clk 00:10:02]} {[%emt 00:00:14]} Bxg5 {[%clk 00:06:13]} {[%emt
00:01:11]} 24. hxg5 {[%clk 00:09:00]} {[%emt 00:01:05]} e5 {[%clk 00:05:00]}
{[%emt 00:01:15]} 25. Nh4 {[%clk 00:08:53]} {[%emt 00:00:08]} Be4 {[%clk
00:04:55]} {[%emt 00:00:07]} 26. Qd1 {[%clk 00:08:54]} Rd6 {[%clk 00:04:53]}
{[%emt 00:00:04]} 27. f3 {[%clk 00:08:55]} {[%emt 00:00:01]} Bd3 {[%clk
00:01:11]} {[%emt 00:03:44]} 28. Bxd3 {[%clk 00:08:52]} {[%emt 00:00:05]} cxd3
{[%clk 00:01:12]} {[%emt 00:00:01]} 29. Nxf5 {[%clk 00:08:51]} {[%emt
00:00:03]} Re6 {[%clk 00:01:05]} {[%emt 00:00:09]} 30. d5 {[%clk 00:08:46]}
{[%emt 00:00:07]} Ree8 {[%clk 00:01:03]} {[%emt 00:00:04]} 31. Rc6 {[%clk
00:08:45]} {[%emt 00:00:04]} Qa5 {[%clk 00:00:56]} {[%emt 00:00:09]} 32. Qxd3
{[%clk 00:08:21]} {[%emt 00:00:26]} e4 {[%clk 00:00:58]} 33. Qd4 {[%clk
00:08:00]} {[%emt 00:00:22]} Re5 {[%clk 00:00:33]} {[%emt 00:00:28]} 34. Rg6
{[%clk 00:07:14]} {[%emt 00:00:47]} Kf8 {[%clk 00:00:15]} {[%emt 00:00:20]} 35.
f4 {[%clk 00:07:03]} {[%emt 00:00:13]} 1-0

[Event "Heldur Valgmäe I Rapid Memorial"]
[Site "Viljandi, Estonia"]
[Date "2021.07.03"]
[Round "9.3"]
[White "Vardanyan, Aras"]
[Black "Miezis, Normunds"]
[Result "1/2-1/2"]
[WhiteElo "2184"]
[BlackElo "2437"]

1. Nf3 {[%clk 00:14:55]} {[%emt 00:00:08]} c5 {[%clk 00:15:00]} {[%emt
00:00:04]} 2. g3 {[%clk 00:14:53]} {[%emt 00:00:04]} Nc6 {[%clk 00:14:58]}
{[%emt 00:00:03]} 3. Bg2 {[%clk 00:14:54]} {[%emt 00:00:02]} g6 {[%clk
00:14:53]} {[%emt 00:00:06]} 4. O-O {[%clk 00:14:51]} {[%emt 00:00:06]} Bg7
{[%clk 00:14:53]} {[%emt 00:00:02]} 5. c4 {[%clk 00:14:49]} {[%emt 00:00:04]}
e5 {[%clk 00:14:49]} {[%emt 00:00:05]} 6. Nc3 {[%clk 00:14:49]} {[%emt
00:00:03]} Nge7 {[%clk 00:14:48]} {[%emt 00:00:03]} 7. d3 {[%clk 00:14:44]}
{[%emt 00:00:07]} O-O {[%clk 00:14:43]} {[%emt 00:00:07]} 8. a3 {[%clk
00:14:44]} {[%emt 00:00:02]} d6 {[%clk 00:14:31]} {[%emt 00:00:13]} 9. Rb1
{[%clk 00:14:43]} {[%emt 00:00:04]} a5 {[%clk 00:14:28]} {[%emt 00:00:05]} 10.
Ne1 {[%clk 00:14:43]} {[%emt 00:00:02]} h6 {[%clk 00:13:43]} {[%emt 00:00:46]}
11. Nc2 {[%clk 00:14:43]} {[%emt 00:00:02]} a4 {[%clk 00:13:37]} {[%emt
00:00:09]} 12. Ne3 {[%clk 00:14:14]} {[%emt 00:00:31]} Nd4 {[%clk 00:13:35]}
{[%emt 00:00:04]} 13. Re1 {[%clk 00:13:59]} {[%emt 00:00:18]} Qa5 {[%clk
00:12:27]} {[%emt 00:01:10]} 14. Ncd5 {[%clk 00:13:50]} {[%emt 00:00:11]} Nxd5
{[%clk 00:12:00]} {[%emt 00:00:29]} 15. Nxd5 {[%clk 00:13:50]} {[%emt
00:00:03]} Kh7 {[%clk 00:10:42]} {[%emt 00:01:20]} 16. Bd2 {[%clk 00:13:24]}
{[%emt 00:00:28]} Qd8 {[%clk 00:10:39]} {[%emt 00:00:04]} 17. Bc3 {[%clk
00:13:03]} {[%emt 00:00:23]} Nb3 {[%clk 00:10:33]} {[%emt 00:00:08]} 18. e3
{[%clk 00:12:31]} {[%emt 00:00:34]} Rb8 {[%clk 00:10:18]} {[%emt 00:00:17]} 19.
Qe2 {[%clk 00:11:56]} {[%emt 00:00:38]} Bd7 {[%clk 00:10:12]} {[%emt 00:00:08]}
20. Rf1 {[%clk 00:11:47]} {[%emt 00:00:11]} b5 {[%clk 00:10:06]} {[%emt
00:00:08]} 21. Rbd1 {[%clk 00:11:12]} {[%emt 00:00:37]} f5 {[%clk 00:09:47]}
{[%emt 00:00:21]} 22. f4 {[%clk 00:11:05]} {[%emt 00:00:10]} Be6 {[%clk
00:08:58]} {[%emt 00:00:51]} 23. cxb5 {[%clk 00:09:54]} {[%emt 00:01:14]} Qd7
{[%clk 00:08:21]} {[%emt 00:00:39]} 24. b6 {[%clk 00:09:44]} {[%emt 00:00:12]}
Qf7 {[%clk 00:08:16]} {[%emt 00:00:05]} 25. Nc7 {[%clk 00:09:18]} {[%emt
00:00:29]} Rxb6 {[%clk 00:08:08]} {[%emt 00:00:10]} 26. Nxe6 {[%clk 00:09:17]}
{[%emt 00:00:02]} Qxe6 {[%clk 00:08:07]} {[%emt 00:00:03]} 27. e4 {[%clk
00:08:02]} {[%emt 00:01:18]} exf4 {[%clk 00:05:38]} {[%emt 00:02:31]} 28. gxf4
{[%clk 00:07:57]} {[%emt 00:00:06]} Nd4 {[%clk 00:04:54]} {[%emt 00:00:46]} 29.
Qf2 {[%clk 00:07:53]} {[%emt 00:00:06]} fxe4 {[%clk 00:04:39]} {[%emt
00:00:16]} 30. Rde1 {[%clk 00:07:20]} {[%emt 00:00:36]} e3 {[%clk 00:04:11]}
{[%emt 00:00:30]} 31. Rxe3 {[%clk 00:07:17]} {[%emt 00:00:05]} Qf7 {[%clk
00:04:09]} {[%emt 00:00:04]} 32. Kh1 {[%clk 00:06:36]} {[%emt 00:00:42]} Rbb8
{[%clk 00:04:05]} {[%emt 00:00:06]} 33. Ree1 {[%clk 00:05:47]} {[%emt
00:00:52]} Rbe8 {[%clk 00:04:01]} {[%emt 00:00:06]} 34. Re4 {[%clk 00:05:30]}
{[%emt 00:00:19]} d5 {[%clk 00:03:42]} {[%emt 00:00:21]} 35. Ree1 {[%clk
00:05:18]} {[%emt 00:00:14]} Rxe1 {[%clk 00:03:39]} {[%emt 00:00:05]} 36. Rxe1
{[%clk 00:05:07]} {[%emt 00:00:13]} Qf5 {[%clk 00:03:15]} {[%emt 00:00:26]} 37.
Re7 {[%clk 00:04:36]} {[%emt 00:00:33]} Kh8 {[%clk 00:03:12]} {[%emt 00:00:05]}
38. Qg3 {[%clk 00:04:16]} {[%emt 00:00:23]} Qh5 {[%clk 00:03:02]} {[%emt
00:00:13]} 39. Re1 {[%clk 00:04:10]} {[%emt 00:00:07]} Nf5 {[%clk 00:02:53]}
{[%emt 00:00:11]} 40. Bxg7+ {[%clk 00:04:08]} {[%emt 00:00:04]} Kxg7 {[%clk
00:02:50]} {[%emt 00:00:04]} 41. Qf3 {[%clk 00:04:00]} {[%emt 00:00:10]} Qh4
{[%clk 00:02:34]} {[%emt 00:00:18]} 42. Re5 {[%clk 00:03:37]} {[%emt 00:00:26]}
d4 {[%clk 00:02:20]} {[%emt 00:00:16]} 43. Rxc5 {[%clk 00:03:16]} {[%emt
00:00:22]} Qe1+ {[%clk 00:02:11]} {[%emt 00:00:09]} 44. Qf1 {[%clk 00:03:17]}
{[%emt 00:00:02]} Qxf1+ {[%clk 00:02:00]} {[%emt 00:00:14]} 45. Bxf1 {[%clk
00:03:17]} {[%emt 00:00:01]} Ne3 {[%clk 00:02:00]} {[%emt 00:00:02]} 46. Rc7+
{[%clk 00:02:49]} {[%emt 00:00:31]} Kh8 {[%clk 00:01:49]} {[%emt 00:00:12]} 47.
Be2 {[%clk 00:02:31]} {[%emt 00:00:20]} Rxf4 {[%clk 00:01:49]} {[%emt
00:00:02]} 48. Kg1 {[%clk 00:02:31]} {[%emt 00:00:02]} Rf5 {[%clk 00:01:35]}
{[%emt 00:00:16]} 49. Rd7 {[%clk 00:02:24]} {[%emt 00:00:09]} Rg5+ {[%clk
00:01:17]} {[%emt 00:00:20]} 50. Kf2 {[%clk 00:02:02]} {[%emt 00:00:24]} Rg2+
{[%clk 00:00:56]} {[%emt 00:00:23]} 51. Kf3 {[%clk 00:01:55]} {[%emt 00:00:10]}
Rxh2 {[%clk 00:00:50]} {[%emt 00:00:08]} 52. Rxd4 {[%clk 00:01:54]} {[%emt
00:00:03]} Nf5 {[%clk 00:00:50]} {[%emt 00:00:02]} 53. Rxa4 {[%clk 00:01:50]}
{[%emt 00:00:07]} g5 {[%clk 00:00:48]} {[%emt 00:00:03]} 54. d4 {[%clk
00:01:26]} {[%emt 00:00:26]} h5 {[%clk 00:00:42]} {[%emt 00:00:08]} 55. d5
{[%clk 00:01:26]} {[%emt 00:00:02]} g4+ {[%clk 00:00:29]} {[%emt 00:00:15]} 56.
Kf4 {[%clk 00:01:27]} {[%emt 00:00:01]} Rf2+ {[%clk 00:00:29]} {[%emt
00:00:02]} 57. Ke5 {[%clk 00:01:09]} {[%emt 00:00:19]} Nh6 {[%clk 00:00:23]}
{[%emt 00:00:08]} 58. Bd3 {[%clk 00:01:00]} {[%emt 00:00:12]} g3 {[%clk
00:00:24]} {[%emt 00:00:02]} 59. Rh4 {[%clk 00:00:32]} {[%emt 00:00:30]} g2
{[%clk 00:00:23]} {[%emt 00:00:03]} 60. Rxh5 {[%clk 00:00:32]} {[%emt
00:00:02]} g1=Q {[%clk 00:00:19]} {[%emt 00:00:05]} 61. Rxh6+ {[%clk 00:00:33]}
{[%emt 00:00:02]} Kg7 {[%clk 00:00:20]} 62. Rg6+ {[%clk 00:00:34]} Qxg6 {[%clk
00:00:20]} {[%emt 00:00:02]} 63. Bxg6 {[%clk 00:00:34]} {[%emt 00:00:01]} Kxg6
{[%clk 00:00:21]} {[%emt 00:00:01]} 64. b4 {[%clk 00:00:27]} {[%emt 00:00:10]}
Kf7 {[%clk 00:00:22]} {[%emt 00:00:02]} 65. Kd6 {[%clk 00:00:28]} Ra2 {[%clk
00:00:21]} {[%emt 00:00:02]} 66. b5 {[%clk 00:00:28]} {[%emt 00:00:02]} Rxa3
{[%clk 00:00:21]} {[%emt 00:00:02]} 67. b6 {[%clk 00:00:29]} Rb3 {[%clk
00:00:20]} {[%emt 00:00:03]} 68. Kc7 {[%clk 00:00:30]} {[%emt 00:00:01]} Ke7
{[%clk 00:00:18]} {[%emt 00:00:03]} 69. d6 {[%clk 00:00:31]} {[%emt 00:00:02]}
Ke6 {[%clk 00:00:19]} {[%emt 00:00:01]} 70. d7 {[%clk 00:00:28]} {[%emt
00:00:05]} Rc3+ {[%clk 00:00:18]} {[%emt 00:00:02]} 71. Kd8 {[%clk 00:00:22]}
{[%emt 00:00:08]} Rd3 {[%clk 00:00:19]} {[%emt 00:00:01]} 72. b7 {[%clk
00:00:15]} {[%emt 00:00:10]} Rxd7+ {[%clk 00:00:19]} {[%emt 00:00:02]} 73. Kc8
{[%clk 00:00:16]} Rxb7 {[%clk 00:00:12]} {[%emt 00:00:08]} 1/2-1/2